000
00340nam a22001457a 4500
008
230228b |||||||| |||| 00| 0 eng d
020
_a
978-1-529-12416-3
082
_a
791.43
100
_a
Will Smith
245
_a
WILL
260
_b
Century,
_c
2021
300
_a
418 p.
_c
23.5 cm
942
_2
ddc
999
_c
9368
_d
9369